<?xml version="1.0" encoding="UTF-8"?><?xml-stylesheet type="text/xsl" href="static/style.xsl"?><OAI-PMH xmlns="http://www.openarchives.org/OAI/2.0/" xmlns:xsi="http://www.w3.org/2001/XMLSchema-instance" xsi:schemaLocation="http://www.openarchives.org/OAI/2.0/ http://www.openarchives.org/OAI/2.0/OAI-PMH.xsd"><responseDate>2026-04-14T03:23:43Z</responseDate><request verb="GetRecord" identifier="oai:www.recercat.cat:10459.1/465889" metadataPrefix="marc">https://recercat.cat/oai/request</request><GetRecord><record><header><identifier>oai:recercat.cat:10459.1/465889</identifier><datestamp>2025-09-15T18:42:11Z</datestamp><setSpec>com_2072_3622</setSpec><setSpec>col_2072_479130</setSpec></header><metadata><record xmlns="http://www.loc.gov/MARC21/slim" xmlns:dcterms="http://purl.org/dc/terms/" xmlns:xsi="http://www.w3.org/2001/XMLSchema-instance" xmlns:doc="http://www.lyncode.com/xoai" xsi:schemaLocation="http://www.loc.gov/MARC21/slim http://www.loc.gov/standards/marcxml/schema/MARC21slim.xsd">
   <leader>00925njm 22002777a 4500</leader>
   <datafield ind2=" " ind1=" " tag="042">
      <subfield code="a">dc</subfield>
   </datafield>
   <datafield ind2=" " ind1=" " tag="720">
      <subfield code="a">Ranjbar, Fateme</subfield>
      <subfield code="e">author</subfield>
   </datafield>
   <datafield ind2=" " ind1=" " tag="720">
      <subfield code="a">Jalali, M. Amin</subfield>
      <subfield code="e">author</subfield>
   </datafield>
   <datafield ind2=" " ind1=" " tag="720">
      <subfield code="a">Ahmadi, Zahra</subfield>
      <subfield code="e">author</subfield>
   </datafield>
   <datafield ind2=" " ind1=" " tag="720">
      <subfield code="a">Pons i Domènech, Xavier</subfield>
      <subfield code="e">author</subfield>
   </datafield>
   <datafield ind2=" " ind1=" " tag="720">
      <subfield code="a">Levi-Mourao, Alexandre</subfield>
      <subfield code="e">author</subfield>
   </datafield>
   <datafield ind2=" " ind1=" " tag="720">
      <subfield code="a">Ugine, Todd</subfield>
      <subfield code="e">author</subfield>
   </datafield>
   <datafield ind2=" " ind1=" " tag="260">
      <subfield code="c">2024</subfield>
   </datafield>
   <datafield ind2=" " ind1=" " tag="520">
      <subfield code="a">Biological control has long been recognized for its economic and ecological benefits as a pest management approach, but the use of non-native natural enemies has raised concerns about potential risks and unintended consequences. Indigenous predatory ladybeetles, such as Oenopia conglobata, play a crucial role in controlling many sap-sucking pests, including Agonoscena pistaciae, which is the most destructive pest of pistachio trees in Iran and other pistachio-growing regions worldwide. However, the abundance of Oenopia conglobata has recently decreased due to the presence of an adventive predatory ladybeetle, Menochilus sexmaculatus. To better understand the potential risks associated with this adventive species, we investigated the functional responses of female adults of M. sexmaculatus and O. conglobata against the third and fourth instar nymphs of A. pistaciae and Aphis gossypii. Our findings revealed that both predators exhibited a type II functional response, with O. conglobata demonstrating a significantly higher attack rate against A. pistaciae nymphs than A. gossypii nymphs. In contrast, prey species did not have a significant effect on the attack rate of M. sexmaculatus. Notably, M. sexmaculatus displayed the highest predation rate and voracity against both prey species. These results provide valuable insights into the potential risks of M. sexmaculatus for indigenous predatory species like O. conglobata. The fact that M. sexmaculatus exhibits higher voracity for both prey species than O. conglobata does suggest that it may pose a threat to the native ladybeetle population, highlighting the need for further research and careful consideration when introducing non-native natural enemies for pest management</subfield>
   </datafield>
   <datafield ind2=" " ind1=" " tag="520">
      <subfield code="a">This work was funded by Rafsanjan University of Medical Sciences (RUMS), Project No. 400283</subfield>
   </datafield>
   <datafield tag="653" ind2=" " ind1=" ">
      <subfield code="a">Agonoscena pistaciae</subfield>
   </datafield>
   <datafield tag="653" ind2=" " ind1=" ">
      <subfield code="a">Aphis gossypii</subfield>
   </datafield>
   <datafield tag="653" ind2=" " ind1=" ">
      <subfield code="a">Menochilus sexmaculatus</subfield>
   </datafield>
   <datafield tag="653" ind2=" " ind1=" ">
      <subfield code="a">Oenopia conglobata</subfield>
   </datafield>
   <datafield tag="653" ind2=" " ind1=" ">
      <subfield code="a">Prey density</subfield>
   </datafield>
   <datafield ind2="0" ind1="0" tag="245">
      <subfield code="a">Comparison of the predatory impacts of indigenous and adventive ladybeetle species (Coleoptera: Coccinellidae) using a functional response approach</subfield>
   </datafield>
</record></metadata></record></GetRecord></OAI-PMH>